Learn massage in a weekend

Bibliographic Details
Main Author: Lacroix, Nitya
Format: Book
Published: London : Dorling Kindersley , 1992
Subjects:

MARC

LEADER 00000cam a2200000 7i4500
001 0000001774
002 000001932
005 20000330.0
020 |a 0863189350 
090 0 0 |a 615.822   |b LAC 
100 1 |a Lacroix, Nitya 
245 1 0 |a Learn massage in a weekend   |c Nitya Lacroix ; photography by Jo Foord 
260 |a London :   |b Dorling Kindersley ,   |c 1992 
300 |a 95p. :   |b ill. ;   |c 23cm. 
650 0 0 |a Massage 
999 |a 029614   |b BUKU   |c PINJAMAN   |e PERPUSTAKAAN KOMUNITI PETALING JAYA 
999 |a 033789   |b BUKU   |c RUJUKAN   |e PERPUSTAKAAN KOMUNITI PETALING JAYA 
999 |a 033790   |b BUKU   |c PINJAMAN   |e PERPUSTAKAAN KOMUNITI PETALING JAYA